|
|
|
|
| LEADER |
00000nam0a2200000 4500 |
| 001 |
306340 |
| 005 |
20231102001902.0 |
| 020 |
|
|
|a RU
|b 83-69558
|
| 035 |
|
|
|a (RuTPU)RU\TPU\book\331617
|
| 090 |
|
|
|a 306340
|
| 100 |
|
|
|a 20151006d1983 km y0rusy5003 ca
|
| 101 |
0 |
|
|a rus
|
| 102 |
|
|
|a RU
|
| 105 |
|
|
|a y z 000zy
|
| 200 |
1 |
|
|a Молодой рабочий. Формирование ценностных ориентаций
|f В. Г. Алексеева
|
| 210 |
|
|
|a Москва
|c Мысль
|d 1983
|
| 215 |
|
|
|a 222 с.
|
| 225 |
1 |
|
|a Социология и жизнь
|
| 606 |
1 |
|
|a Рабочая молодежь в СССР
|x Социологические исследования
|2 stltpush
|3 (RuTPU)RU\TPU\subj\37810
|9 58611
|
| 610 |
1 |
|
|a ценности
|
| 610 |
1 |
|
|a ценностные ориентиры
|
| 610 |
1 |
|
|a формирование
|
| 610 |
1 |
|
|a личность
|
| 610 |
1 |
|
|a типология
|
| 610 |
1 |
|
|a молодые рбочие
|
| 610 |
1 |
|
|a трудовая деятельность
|
| 610 |
1 |
|
|a быт
|
| 610 |
1 |
|
|a досуг
|
| 686 |
|
|
|a С55.325.1
|2 rubbk
|
| 700 |
|
1 |
|a Алексеева
|b В. Г.
|g Валентина Геннадиевна
|4 070
|
| 801 |
|
0 |
|a RU
|b RuMRKP
|c 19950704
|g psbo
|
| 801 |
|
1 |
|a RU
|b 63413507
|c 20151006
|
| 801 |
|
2 |
|a RU
|b 63413507
|c 20180625
|g RCR
|
| 942 |
|
|
|c BK
|